书目信息 |
| 题名: |
抗日战争时期国民政府对日防空研究
|
|
| 作者: | 袁成毅 著 | |
| 分册: | ||
| 出版信息: | 北京 中国社会科学出版社 2016 |
|
| 页数: | 13,246页 | |
| 开本: | 24cm | |
| 丛书名: | ||
| 单 册: | ||
| 中图分类: | E296.1 | |
| 科图分类: | ||
| 主题词: | 防空--fang kong--抗日战争--中国--1931-1945--史料 | |
| 电子资源: | ||
| ISBN: | 978-7-5161-9030-2 | |
| 000 | 00918nam0 22002411 450 | |
| 001 | 1738574760 | |
| 005 | 20170627164554.0 | |
| 010 | @a978-7-5161-9030-2@dCNY62.00 | |
| 100 | @a20170228d2016 em y0chiy50 ea | |
| 101 | 0 | @achi |
| 102 | @aCN@b110000 | |
| 105 | @ay z 000yy | |
| 106 | @ar | |
| 200 | 1 | @a抗日战争时期国民政府对日防空研究@9kang ri zhan zheng shi qi guo min zheng fu dui ri fang kong yan jiu@e1931-1945@f袁成毅著 |
| 210 | @a北京@c中国社会科学出版社@d2016 | |
| 215 | @a13,246页@d24cm | |
| 300 | @a国家社科基金项目“国民政府防空建设研究”结题成果 | |
| 330 | @a本书内容包括:航空的军事取向与早期的空袭、防空;中国民众遭遇来自日本的早期空袭;战前国民政府防空体系的逐步建立、战时中国各地的防空等。 | |
| 606 | 0 | @a防空@9fang kong@x抗日战争@y中国@z1931-1945@j史料 |
| 690 | @aE296.1@v5 | |
| 701 | 0 | @a袁成毅@9yuan cheng yi@4著 |
| 801 | 0 | @aCN@bTANGWEI@c20170620 |
| 905 | @b1015135-40@dE296.1@e85@f6 | |
| 抗日战争时期国民政府对日防空研究:1931-1945/袁成毅著 .-北京:中国社会科学出版社,2016 |
| 13,246页;24cm |
| 国家社科基金项目“国民政府防空建设研究”结题成果 |
| ISBN 978-7-5161-9030-2:CNY62.00 |
| 本书内容包括:航空的军事取向与早期的空袭、防空;中国民众遭遇来自日本的早期空袭;战前国民政府防空体系的逐步建立、战时中国各地的防空等。 |
| ● |
| 相关链接 |
|
|
|
|
正题名:抗日战争时期国民政府对日防空研究
索取号:E296.1/85
 
预约/预借
| 序号 | 登录号 | 条形码 | 馆藏地/架位号 | 状态 | 备注 |
| 1 | 1015135 | 210151351 | 第一样本阅览室/ [索取号:E296.1/85] | 在馆 | |
| 2 | 1015136 | 210151360 | 教育系资料室/ [索取号:E296.1/85] | 在馆 | |
| 3 | 1015137 | 210151379 | 教育系资料室/ [索取号:E296.1/85] | 在馆 | |
| 4 | 1015138 | 210151388 | 教育系资料室/ [索取号:E296.1/85] | 在馆 | |
| 5 | 1015139 | 210151397 | 第一借阅区/ [索取号:E296.1/85] | 在馆 | |
| 6 | 1015140 | 210151404 | 第一借阅区/ [索取号:E296.1/85] | 在馆 |